000 01818nam0a22003371 4500
001 rc\2774482
005 20260407194658.0
035 _a(NLR Aleph) 006900800
090 _a7245396
_c7245396
100 _a20110915d1941 u y0rusy50 ca
101 0 _arus
102 _aRU
105 _aa z |||||
200 1 _aХимический анализ заменителей кожи
_fСоставители: А. А. Воробьева, Р. Д. Гордонова, Д. Г. Бернштейн
210 _aМосква
_aЛенинград
_cГизлегпром
_d1941
_eЛенинград
215 _a136 с., 3 вкл. л. ил.
_cил., черт.
_d22 см.
225 1 _aВсесоюзный единый метод исследования в кожевенной и обувной промышленности и в промышленности заменителей кожи "ВЕМ"
_fЦентр. н.-и. ин-т кожобув. пром-сти. Центр. н.-и. ин-т заменителей кожи
300 _aНа обороте тит. л. указаны составители: А. А. Воробьева, Р. Д. Гордонова и Д. Г. Бернштейн
320 _aБиблиогр.: с. 133
702 1 _aБернштейн
_bД.Г.
_4220
702 1 _aВоробьева
_bА.А.
_4220
702 1 _aГордонова
_bР.Д.
_4220
712 0 2 _aЦентральный н.-и. ин-т кож. пром-сти (Москва)
712 0 2 _aВНИИ пленочных материалов и искусственной кожи
_3RU\NLR\AUTH\8810128933
_9754781
801 0 _aRU
_bNLR
_gpsbo
801 1 _aRU
_bELAR
_2rusmarc
852 _aNLR
_jТ60 Г-5/15
942 _cBOOK
945 _aРоссийская национальная библиотека
980 _aNB
980 _aBV